|
|
|
|
| LEADER |
01172nam a22003014a 4500 |
| 001 |
7101 |
| 003 |
BD-DhAAL |
| 005 |
20150608142127.0 |
| 008 |
150608s2003 dcuab b 001 0 eng |
| 010 |
|
|
|a 2003007224
|
| 020 |
|
|
|a 1559639938 (alk. paper)
|
| 020 |
|
|
|a 1559639946 (pbk. : alk. paper)
|
| 040 |
|
|
|a DLC
|c DLC
|d DLC
|d BD-DhAAL
|
| 050 |
0 |
0 |
|a QL82
|b .E86 2003
|
| 082 |
0 |
0 |
|a 333.95/22
|2 21
|
| 245 |
0 |
0 |
|a Experiments in consilience :
|b integrating social and scientific responses to save endangered species /
|c edited by Frances R. Westley and Philip S. Miller.
|
| 260 |
|
|
|a Washington :
|b Island Press,
|c c2003.
|
| 300 |
|
|
|a xiv, 393 p. :
|b ill., maps
|c 24 cm.
|
| 504 |
|
|
|a Includes bibliographical references ([363]-379) and index.
|
| 541 |
|
|
|e 7101
|
| 650 |
|
0 |
|a Endangered species.
|9 11795
|
| 650 |
|
0 |
|a Wildlife conservation.
|9 10474
|
| 650 |
|
0 |
|a Human ecology.
|9 5681
|
| 700 |
1 |
|
|a Westley, Frances.
|9 11796
|
| 700 |
1 |
|
|a Miller, Philip S.
|9 11797
|
| 942 |
|
|
|2 ddc
|c BK
|
| 999 |
|
|
|c 34648
|d 34648
|
| 952 |
|
|
|0 0
|1 0
|2 ddc
|4 0
|6 333_952200000000000_EXP
|7 0
|9 54122
|a SCL
|b SCL
|c GEN
|d 2015-06-08
|e Gift: The Asia Foundation
|l 0
|o 333.9522 EXP
|p 3020007101
|r 2015-06-08
|t 1
|w 2015-06-08
|y BK
|